| 000 | 01221nam a2200253 a 4500 | ||
|---|---|---|---|
| 001 | 77788 | ||
| 003 | BD-RjUL | ||
| 005 | 20211209083026.0 | ||
| 008 | 210112s1988 tu ||||| |||| 00| 0 ara d | ||
| 035 | _a(BD-RjUL)78014 | ||
| 040 |
_aBD-RjUL _beng _cBD-RjUL _dBD-RjUL |
||
| 041 | _aara | ||
| 082 |
_223 _a016.297125 _bWEM 1988 |
||
| 100 | _4Wensinck, A J. فنسنك ,ا ى | ||
| 245 |
_aAl-Mu`jam al-mufahras li-alfaz al-Hadith al-Nabawi :`an al-kutub al-sittah wa-`an Musnad al-Darimi wa-Muwatta Malik wa-Musnad Ahmad ibn Hanbal / المعجمر المفهرس لالفاظ الحديت النبوى: _b/ _cA.J. Wensinck ا ى فنسنك |
||
| 260 |
_aTurkey : Istanbul ; _bDarud Dawa , _c1988 |
||
| 260 |
_aاستانبول : _b, دار الدعوة _c١٩٨٨ |
||
| 300 |
_a8 v. ; _c28 cm |
||
| 300 |
_aالثاني عشر ، ٥٤٥ ص. ؛ _c٢٨ سم |
||
| 505 |
_aسنم - طعم.. v-4. سنم - طعم v-3 حب سنر V-2 ا بد-حى Vol. 1. _t -- غمز v-5 .--نكل - كرم v.6. .- _t-- .نكل يوم- v-7-- قهارس V-8. |
||
| 650 |
_aحديث شريف | فهارس _9243524 |
||
| 650 |
_aHonorable Hadith _vIndex _981374 |
||
| 942 |
_2ddc _cREF |
||
| 999 |
_c77788 _d77788 |
||